北海道の難読漁港名 - Statistics

General Stats
  • This quiz has been taken 60 times
  • The average score is 27 of 64
Answer Stats
Hint Answer % Correct
歯舞 はぼまい
94%
頓別 とんべつ
87%
神恵内 かもえない
85%
黄金 こがね
83%
茂辺地 もへじ
79%
国縫 くんぬい
77%
神威脇 かむいわき
77%
声問 こえとい
75%
鵜苫 うとま
74%
浜鬼志別 はまおにしべつ
74%
音標 おとしべ
70%
須古頓 すことん
64%
節婦 せっぷ
62%
笛舞 ふえまい
60%
忍路 おしょろ
60%
宇遠内 うえんない
60%
鮫泊 さめどまり
60%
鬼鹿 おにしか
58%
茂草 もぐさ
57%
樽岸 たるきし
57%
力昼 りきびる
55%
幌茂尻 ほろもしり
55%
濃昼 ごきびる
53%
床潭 とこたん
53%
幌武意 ほろむい
53%
沖根婦 おきねっぷ
51%
荻伏 おぎふし
51%
掛澗 かかりま
43%
走古丹 はしりこたん
43%
春立 はるたち
43%
珸瑤瑁 ごようまい
43%
阿分 あふん
40%
元稲府 もといねっぷ
40%
山背泊 やませどまり
40%
庶野 しょや
40%
仙鳳趾 せんぽうし
38%
知布泊 ちっぷどまり
36%
歌棄 うたすつ
34%
乙忠部 おっちゅうべ
34%
沙留 さるる
32%
老者舞 おしゃまっぷ
30%
元和 げんな
28%
川汲 かっくみ
28%
尾岱沼 おだいとう
28%
藻散布 もちりっぷ
28%
雄忠志内 おちゅうしない
26%
美呂泊 びろどまり
25%
登栄床 とえとこ
23%
奔幌戸 ぽんぽろと
21%
芭露 ばろう
21%
鳧舞 けりまい
19%
稚咲内 わかさかない
17%
音調津 おしらべつ
15%
貰人 もうらいと
11%
於尋麻布 おたずねまっぷ
11%
富武士 とっぷし
11%
千走 ちはせ
8%
差閉 さしとじ
6%
小砂子 ちいさご
6%
追直 おいなおし
6%
厚瀬 あっちゃせ
4%
神岬 こうざき
4%
出足平 でたりひら
2%
須築 すっき
2%
No matching quizzes found
Score Distribution
Percent of People with Each Score
Percentile by Number Answered
Your Score History
You have not taken this quiz